| 000 | 00583nam a2200193Ia 4500 | ||
|---|---|---|---|
| 003 | GCL | ||
| 008 | 140319s9999 xx 000 0 ara d | ||
| 040 |
_aGCL / _cGCL |
||
| 082 | 0 | 4 |
_a573 _bت ت |
| 100 | 1 | _aمحمد السيد غلاب | |
| 245 | 1 | 0 |
_aتقدم الانسانية / _cمحمد السيد غلاب |
| 700 | 1 | _aتشيلد، جوردون | |
| 300 | _aARICOT MAGIQUE | ||
| 650 | 0 | 4 | _aالتاريخ الطبيعى |
| 650 | 0 | 4 | _aالانسانية |
| 650 | 0 | 4 | _aالانثربولوجيا الطبيعية |
| 650 | 0 | 4 | _aالتقدم الحضارى |
| 942 |
_2ddc _cBK |
||
| 999 |
_c51547 _d51547 |
||